|
|
|
|
| LEADER |
01519nam a2200301 4500 |
| 001 |
4506724 |
| 008 |
091208s2004 njua b 001 0 eng d |
| 010 |
|
|
|a 98023823
|
| 020 |
|
|
|a 0131249630
|
| 020 |
|
|
|a 0130957100
|
| 040 |
|
|
|a DLC
|c DLC
|d DLC
|d BD-DhAAL
|
| 082 |
0 |
0 |
|a 330
|2 22
|
| 100 |
1 |
|
|a Case, Karl E.
|
| 245 |
1 |
0 |
|a Principles of economics /
|c Karl E. Case, Ray C. Fair.
|
| 250 |
|
|
|a 7th ed.
|
| 260 |
|
|
|a Upper Saddle River, N.J. :
|b Prentice Hall,
|c c2004.
|
| 300 |
|
|
|a xli, 750, G-10,I-12 p. :
|b ill. ;
|c 26 cm.
|
| 504 |
|
|
|a Includes bibliographical references and index.
|
| 541 |
1 |
|
|e 00014299
|
| 650 |
|
0 |
|a Economics.
|
| 700 |
1 |
|
|a Fair, Ray C.
|
| 852 |
4 |
|
|a Ayesha Abed Library
|j General Shelf.
|
| 942 |
0 |
0 |
|0 1
|
| 999 |
|
|
|c 6103
|d 6103
|
| 952 |
|
|
|0 0
|1 0
|2 ddc
|4 1
|6 330_000000000000000_CAS_2004
|7 0
|9 6090
|a BRACUL
|b BRACUL
|c SPS
|d 2009-12-15
|g 0.00
|l 3
|m 14
|o 330 CAS
|p 3010014299
|r 2014-03-02
|s 2014-02-09
|t 1
|w 2009-12-15
|y BK
|x No price found in the accession register.
|
| 952 |
|
|
|0 0
|1 0
|2 ddc
|4 1
|6 330_000000000000000_CAS_2004
|7 0
|9 6091
|a BRACUL
|b BRACUL
|c SPS
|d 2009-12-15
|g 0.00
|l 3
|m 17
|o 330 CAS
|p 3010014300
|r 2017-04-03
|s 2017-03-08
|t 2
|w 2009-12-15
|y BK
|x No price found in the accession register.
|
| 952 |
|
|
|0 0
|1 0
|2 ddc
|4 1
|6 330_000000000000000_CAS_2004
|7 0
|9 7627
|a BRACUL
|b BRACUL
|c SPS
|d 2010-01-31
|l 2
|m 18
|o 330 CAS
|p 3010014301
|r 2016-11-08
|s 2016-09-28
|t 3
|w 2010-01-31
|y BK
|
| 952 |
|
|
|0 0
|1 0
|2 ddc
|4 0
|6 330_CAS_200400000000000
|7 0
|9 9239
|a BRACUL
|b BRACUL
|c GEN
|d 2010-04-15
|l 11
|m 125
|o 330 CAS
|p 3010014026
|r 2026-03-08
|s 2025-08-26
|t 4
|w 2010-04-15
|y BK
|